Procesný manažment

Gespeichert in:
Bibliographische Detailangaben
1. Verfasser: Sujová, Andrea
Weitere Verfasser: Marcineková, Katarína
Format: Buch
Sprache:Slowakisch
Veröffentlicht: Zvolen Technická univerzita vo Zvolene 2016
Ausgabe:1. vydanie
Schlagworte:
Tags: Tag hinzufügen
Keine Tags, Fügen Sie das erste Tag hinzu!

MARC

LEADER 00000nam a2200000 4500
001 0286976
005 20240416113826.2
020 |a 978-80-228-2944-1 
041 0 |a slo 
044 |a SK 
245 1 0 |a Procesný manažment  |c Andrea Sujová, Katarína Marcineková 
250 |a 1. vydanie 
264 1 |a Zvolen  |b Technická univerzita vo Zvolene  |c 2016 
300 |a 99 s. 
610 2 0 |a riadenie procesné 
610 2 0 |a procesy podnikové 
610 2 0 |a modelovanie 
610 2 0 |a ukazovatele 
610 2 0 |a analýzy 
610 2 0 |a softvér 
100 1 |a Sujová, Andrea 
700 1 |a Marcineková, Katarína